header

Crime and social policy (Record no. 180540)

MARC details
000 -LEADER
fixed length control field 01407nam a2200361 a 4500
082 04 - DEWEY DECIMAL CLASSIFICATION NUMBER
Classification number 364
245 00 - TITLE STATEMENT
Title Crime and social policy
260 ## - PUBLICATION, DISTRIBUTION, ETC. (IMPRINT)
Place of publication Chichester :
Name of publisher Wiley-Blackwell,
Year of publication 2013.
300 ## - PHYSICAL DESCRIPTION
Number of Pages 133 p. :
Other physical details ill.
500 ## - GENERAL NOTE
General note "Originally published as Volume 46, Issue 4 of Social policy & administration"--copyright page.
650 #0 - SUBJECT ADDED ENTRY--TOPICAL TERM
Topical Term Crime.
Topical Term Crime
Topical Term Crime
Topical Term Social policy.
700 1# - ADDED ENTRY--PERSONAL NAME
Personal name Kemshall, Hazel,
856 40 - ELECTRONIC LOCATION AND ACCESS
Uniform Resource Identifier http://site.ebrary.com/lib/rucke/Doc?id=10657615

No items available.

© 2026 Rongo University
Contact us: librarian | system librarian | Rongo university